| 000 | 00688nam a22002057a 4500 | ||
|---|---|---|---|
| 003 | OSt | ||
| 005 | 20260216062315.0 | ||
| 008 | 260216b |||||||| |||| 00| 0 eng d | ||
| 040 |
_aDWC-Main lib _cOC |
||
| 082 | _aFil. 499.211 P139 2022 | ||
| 100 | _aAngela A. Naval | ||
| 245 |
_a3Ps: _bpagtuturo, pagkatuto, pagtataya ng/ sa wika at panitikan/ _cAngela A. Naval |
||
| 260 |
_a[no place of publication]: _b [no publisher], _c c2022. |
||
| 300 |
_a238 pages: _b illustrations; _c27 cm. |
||
| 504 | _aIncludes bibliographical references. | ||
| 650 | _a1. Language and languages. | ||
| 700 | _aVictoria A. Vasil | ||
| 700 | _a[AND NINE OTHERS] | ||
| 942 |
_2ddc _cBK - FIL _kFil. _n0 |
||
| 999 |
_c8422 _d8422 |
||